El Pensamiento económico en la escuela de Salamanca. Una visión multidisciplinar.

সংরক্ষণ করুন:
গ্রন্থ-পঞ্জীর বিবরন
অন্যান্য লেখক: Gómez Camacho, Francisco (Editor), Robledo, Ricardo (Editor)
বিন্যাস: গ্রন্থ
ভাষা:ইংরেজি
প্রকাশিত: Salamanca, España: Fundación Duques de Soria; Ediciones Universidad de Salamanca, 1998.
সংস্করন:1ª edición.
মালা:Acta Salmanticensia. Estudios históricos y geográficos,
বিষয়গুলি:
ট্যাগগুলো: ট্যাগ যুক্ত করুন
কোনো ট্যাগ নেই, প্রথমজন হিসাবে ট্যাগ করুন!

MARC

LEADER 00000nam a22000007a 4500
003 CL-VaPUC
005 20220822114554.0
008 220708t1998 ||||| |||| 00| 0 eng d
999 |c 436826  |d 436824 
020 |a 84-7800-087-9 
040 |c Pontificia Universidad Católica de Valparaíso 
082 |2 22  |a 330.15 GOM 1998  
100 |a Gómez Camacho, Francisco  |9 872466  |e editor  
245 |a El Pensamiento económico en la escuela de Salamanca.  |b Una visión multidisciplinar. 
250 |a 1ª edición. 
260 |a Salamanca, España:   |b Fundación Duques de Soria;   |b Ediciones Universidad de Salamanca,   |c 1998.  
300 |a 261 páginas.  
490 |a Acta Salmanticensia. Estudios históricos y geográficos,   |n  107. 
500 |a c.1 Donación Familia Prof. Alejandro Guzmán Brito. 
518 |a Seminarios celebrados en Salamanca en 1992, 1993 y 1995 organizados por la Fundación Duques de Soria y dirigidos por el profesor Ernest Lluch.  
583 |c 20220708  |k Yessy Sthefany Diaz Vidal 
650 0 |a Pensamiento económico  |9 312704  |x Escuela de Salamanca 
650 0 |a Economía   |9 255568  |z España 
650 0 |a Economía   |9 255568  |y Siglo 20 
700 |9 872467  |a Robledo, Ricardo   |e editor 
942 |2 ddc  |c BK  |n 0 
952 |0 0  |1 0  |2 ddc  |4 0  |6 330_150000000000000_GOM_1998  |7 0  |8 C_AGB  |9 584555  |a BIBDER  |b BIBDER  |d 2022-07-08  |e Donación   |i 5652637  |o 330.15 GOM 1998  |p 5652637  |r 2023-01-25  |t 1  |w 2022-07-08  |y BK_US  |k AGB